书目信息 |
| 题名: |
二十世纪世界艺术巨匠
|
|
| 作者: | 田国良 编译 | |
| 分册: | ||
| 出版信息: | 哈尔滨 黑龙江人民出版社 1993.10 |
|
| 页数: | 248页 | |
| 开本: | 19cm | |
| 丛书名: | 二十世纪人类大事记丛书 | |
| 单 册: | ||
| 中图分类: | K815.57 | |
| 科图分类: | ||
| 主题词: | 传记 | |
| 电子资源: | ||
| ISBN: | 7-207-02531-9 | |
| 000 | 00664nam0 2200217 45 | |
| 001 | 0455062179 | |
| 005 | 2004042115174218 | |
| 010 | @a7-207-02531-9@dCNY 5.50 | |
| 100 | @a20040421d1993 km y0chiy0120 ea | |
| 101 | 0 | @achi |
| 102 | @aCN@b230000 | |
| 200 | 1 | @a二十世纪世界艺术巨匠@Aer shi shi ji shi jie yi shu ju jiang@f田国良等编译@Ftian guo liang deng bian yi |
| 210 | @a哈尔滨@c黑龙江人民出版社@d1993.10 | |
| 215 | @a248页@d19cm | |
| 225 | 2 | @a二十世纪人类大事记丛书 |
| 410 | 0 | @12001 @a二十世纪人类大事记丛书 |
| 606 | 0 | @a传记 |
| 690 | 1 | @aK815.57@v4 |
| 701 | 0 | @a田国良@Atian guo liang@4编译 |
| 801 | 0 | @aCN@bPFT@c20040421 |
| 905 | @a10447@dK815.57@eT449 | |
| 二十世纪世界艺术巨匠/田国良等编译.-哈尔滨:黑龙江人民出版社,1993.10 |
| 248页;19cm.-(二十世纪人类大事记丛书) |
| ISBN 7-207-02531-9:CNY 5.50 |
| ● |
| 相关链接 |
|
|
|
正题名:二十世纪世界艺术巨匠
索取号:K815.57/T449
 
预约/预借
| 序号 | 登录号 | 条形码 | 馆藏地/架位号 | 状态 | 备注 |
| 1 | 208976 | 202089765 | 社科库309/309社科库 43排3列4层/ [索取号:K815.57/T449] | 在馆 | |
| 2 | 208977 | 202089774 | 社科库309/309社科库 43排3列4层/ [索取号:K815.57/T449] | 在馆 |